000 00553nam a22001937a 4500
003 0
005 20260126172006.0
008 260126b xxu||||| |||| 00| 0 eng d
020 _a978-1-77956-327-9
050 _aQR 360
_b.B37 2025
245 _aBasic virology /
260 _aBurlington, ON :
_bToronto Academic Press,
_c2025.
300 _axxv, 355 pages :
_bcolored illustrations ;
_c26 cm.
504 _aIncludes bibliographical references and index.
650 _aVirology.
650 _aViruses.
650 _aMicrobiology.
942 _2lcc
_cBK
999 _c368776
_d368776